00480nam a2200193 a 4500001001300000003000900013005001700022008004100039020001300080082001400093100002400107245003100131260002900162300000900191500003500200505001700235650001000252700002400262nice12345678IN_TiNIC20260116012245.0050524s1960 lona grp 000 0 eng  ac670.4400a221bROB1 aRobinson, H Wheeler aCross in the Old Testament aLondonbScm Press c1960 a192p aincludes index and biblioraphy2 aBibliography aCross1 aRobinson, H Wheeler